LEADER 00900nas a2200241 i 4500 001 000000164680 003 CaOOAMICUS 005 20071015000000.0 008 070921b2006 it uu u0 0ita r 013 $a142048 040 $aSeMil$bita 245 10$a[2006]. 260 $aVenezia :$bMarcianum Press,$c2006. 300 $a380 p. ;$c24 cm. 500 $aIn Sommari [sezioni] : Sintesi degli articoli in italiano e in inglese. 773 0 $tMarcianum.$dVenezia : Marcianum Press, 2005-2015.$x1825-991X$w()18434 774 0 $t[SENZA TITOLO]. - Contiene.$w()267324 774 0 $t[SENZA TITOLO]. - Contiene.$w()267325 850 $aSeMil 852 $aSeMil$W1$xVenegono$y1$m141 4 2$j115909$B115909$CSeMilBibl$Z2$F127493 $85 961 $aCambio: Scuola Cattolica 996 $6245$a[2006]$9(OLS)http://semarc/title/140392 996 $6260$aVenezia :$bMarcianum Press$9(OLS)http://semarc/publisher/31536 LEADER 01160nam a2200277 4500 001 000000345328 003 CaOOAMICUS 005 20210412123319.0 008 210412s2002 sz 000 u ita r 020 $a88-88446-12-5 040 $aSeMil$bita 100 1 $aWollbold, Andreas,$d<1960- >.$0(OLS)http://semarc/name/32581 240 10$aPastoraltheologie, Homiletik, Religionspadagogik.$0(OLS)http://semarc/title/434453 245 10$aTeologia pastorale /$cAndreas Wollbold. 264 1$aPregassona (Lugano) :$bEupress,$c2002. 300 $a88 p. ;$c16 cm 490 1 $aPiccola biblioteca teologica ;$v10 500 $aTrad. Ellero Babini 650 4$aTeologia pastorale.$0(OLS)http://semarc/subject/721 830 0$aPiccola biblioteca teologica ;$v10.$0(OLS)http://semarc/title/5954 850 $aSeMil 852 $aSeMil$W1$xVenegono$y1$m2D I 512$j225546$B236412$CSeMilBibl$Z2$F236412 $81 996 $6020$a88-88446-12-5$9(OLS)http://semarc/number/292863 996 $6245$aTeologia pastorale$9(OLS)http://semarc/title/28740 996 $6264$aPregassona (Lugano) :$bEupress$9(OLS)http://semarc/publisher/30314